| 000 | 00657nam a2200217 i 4500 | ||
|---|---|---|---|
| 001 | 32329 | ||
| 003 | ES-MaACL | ||
| 005 | 20251015063048.0 | ||
| 007 | t| | ||
| 008 | 030131s1966 sp ||||1| spa d | ||
| 080 | _a25:380.8 | ||
| 100 | 1 |
_aBennàssar, Bartomeu, _d1937- _927728 |
|
| 245 | 1 | 0 |
_aTurismo y pastoral _b: síntesis de teología para las vacaciones / _cBartolomé Bennassar. |
| 250 | _a1ª ed. | ||
| 260 |
_aBarcelona : _bEstela, _c[1966] |
||
| 300 |
_a354 p. ; _c20 cm. |
||
| 650 | 7 |
_aTeología pastoral _2embne _917472 |
|
| 650 | 4 |
_aTurismo- _xAspectos religiosos. _917666 |
|
| 852 |
_aES-MaACL _jC-30528 |
||
| 999 |
_c32329 _d32329 |
||